| 000 | 00485nam a22001697a 4500 | ||
|---|---|---|---|
| 040 | _aISFD N° 12 | ||
| 082 |
_a379.2 _bMIN |
||
| 240 | _aAcoso entre pares | ||
| 245 |
_aAcoso entre pares _bOrientaciones para actuar desde la escuela |
||
| 250 | _a1a. | ||
| 260 |
_aBuenos Aires _bMinisterio de Educación _c2014 |
||
| 300 | _a60p. | ||
| 650 | _aPoliticas de Educacion-Inclusion Social | ||
| 942 |
_2ddc _cLIB |
||
| 999 |
_c7010 _d7010 |
||